| 000 | 00000nam 2200000zi 4500 |
| 001 | 9.932269 |
| 003 | CaOODSP |
| 005 | 20240214115131 |
| 006 | m o d f |
| 007 | cr |n||||||||| |
| 008 | 240110e202402##oncdb ob f00| 0 eng d |
| 020 | |a9780660695617 |
| 040 | |aCaOODSP|beng|erda|cCaOODSP |
| 043 | |an-cn-on |
| 086 | 1 |aFs70-5/2024-006E-PDF |
| 100 | 1 |aColm, J., |eauthor. |
| 245 | 10|aInformation in support of an updated recovery potential assessment of northern madtom (Noturus stigmosus) in Canada, 2012-2021 / |cJulia E. Colm, Kristin E. Thiessen, and D. Andrew R. Drake. |
| 264 | 1|aOttawa ON : |bCanadian Science Advisory Secretariat (CSAS), |cFebruary 2024. |
| 264 | 4|c©2024 |
| 300 | |a1 online resource (v, 47 pages) : |bcharts, maps. |
| 336 | |atext|btxt|2rdacontent |
| 337 | |acomputer|bc|2rdamedia |
| 338 | |aonline resource|bcr|2rdacarrier |
| 490 | 1 |aResearch document, |x1919-5044 ; |v2024/006 |
| 500 | |aIssued also in French under title: Renseignements à l'appui d'une évaluation actualisée du potentiel de rétablissement du chat-fou du Nord (Noturus stigmosus) au Canada, 2012-2021. |
| 504 | |aIncludes bibliographical references (pages 39-47). |
| 650 | 0|aNorthern madtom|xConservation|zOntario. |
| 650 | 0|aWildlife recovery|zOntario. |
| 710 | 1 |aCanada. |bDepartment of Fisheries and Oceans. |bOntario and Prairie Region, |eissuing body. |
| 710 | 2 |aCanadian Science Advisory Secretariat, |eissuing body. |
| 775 | 08|tRenseignements à l'appui d'une évaluation actualisée du potentiel de rétablissement du chat-fou du Nord (Noturus stigmosus) au Canada, 2012-2021 / |w(CaOODSP)9.932270 |
| 830 | #0|aResearch document (Canadian Science Advisory Secretariat)|v2024/006.|w(CaOODSP)9.507396 |
| 856 | 40|qPDF|s1.10 MB|uhttps://publications.gc.ca/collections/collection_2024/mpo-dfo/fs70-5/Fs70-5-2024-006-eng.pdf |